00498nmm a2200169Ia 4500008004100000041000800041100002000049245001200069264008700081300001600168650002100184700002000205700002800225856005100253942000700304999001700311251105s9999||||xx |||||||||||||||||und|| aspa aDeledda, Grazia 0aCenizas a[Madrid, España] :bCiudad de Libros, c[Fecha de publicación no identificada] a0 páginas aOther narratives aDeledda, Grazia1 a Miguel Belloso, José uhttps://public.digitaliapublishing.com/a/81966 cCF c64649d64649